Statistics for Singapore Trivia

Click here to take the quiz!

General Stats

  • This quiz has been taken 476 times
    (435 since last reset)
  • The average score is 16 of 22

Answer Stats

Hint Answer % Correct
Official languagesEnglish
99%
Official languagesChinese
99%
Official languagesMalay
95%
CurrencySingapore Dollar
91%
Tamil culture neighbourhoodLittle {India}
90%
Candy that was banned in 1992Chewing gum
86%
Country that annexed Singapore during WWIIJapan
86%
Official languagesTamil
83%
Meaning of "Singapore"The {Lion} City
83%
Foul-smelling fruitDurian
81%
International airportChangi
78%
Dominant religionBuddhism
73%
Famous water-spitting statueMerlion
72%
Most famous street{Orchard} Road
69%
Three-tower resort with a boat on topMarina Bay Sands
69%
British statesman who founded the cityT. S. Raffles
65%
First Prime Minister (1959-90)Lee Kuan-Yew
65%
Gin cocktail with cherry and pineappleSingapore {Sling}
64%
Legal form of corporal punishmentCaning
51%
Bordering SeaSouth China Sea
50%
Main exportOil
36%
Term that describes Singapore's thriving economy{Tiger} economy
26%

Score Distribution

Percentile by Number Answered

Percent of People with Each Score

Your Score History

You have not taken this quiz since the last reset